00510nam a2200145 a 450000100100000000500170001000800410002704000250006810000360009324500570012926000360018630000200022295201050024299900170034700003839320201002031239.0130410s1982 dr 000 0 spa d aDO-SdBNPbspacBNPHU1 aPeralta Pérez, Juan R.96473910aDiscursos congresionales /cJuan R. Peralta Pérez. aSanto Domingo :b[s.n.],c1982. a51 p. ;c22 cm. 0010718PDaPDbPDcHDd2013-04-10iLF1l0o p38393-10r2020-06-25w2020-06-25yLFPDZNo se presta c37883d37883